ARRUPE JESUIT UNIVERSITY

CORONAVIRUS -STOP THE SPREAD - CLEAN,DISINFECT,COVER

Improvisation; (Record no. 124520)

MARC details
000 -LEADER
fixed length control field 00819cam a22002771 4500
001 - CONTROL NUMBER
control field 7538121
003 - CONTROL NUMBER IDENTIFIER
control field ARRUPE
005 - DATE AND TIME OF LATEST TRANSACTION
control field 20160404103708.0
008 - FIXED-LENGTH DATA ELEMENTS--GENERAL INFORMATION
fixed length control field 720925s1966 enka b 000 0 eng
010 ## - LIBRARY OF CONGRESS CONTROL NUMBER
LC control number 66074459
015 ## - NATIONAL BIBLIOGRAPHY NUMBER
National bibliography number B66-15219
035 ## - SYSTEM CONTROL NUMBER
System control number (OCoLC)413451
040 ## - CATALOGING SOURCE
Original cataloging agency DLC
Transcribing agency OKentU
Modifying agency OCoLC
-- Uk
-- DLC
042 ## - AUTHENTICATION CODE
Authentication code premarc
050 00 - LIBRARY OF CONGRESS CALL NUMBER
Classification number PN2061.H6
082 ## - DEWEY DECIMAL CLASSIFICATION NUMBER
Classification number 792.028
300 ## - PHYSICAL DESCRIPTION
Other physical details diagrs.
Dimensions 23 cm.
100 1# - MAIN ENTRY--PERSONAL NAME
Personal name Hodgson, John Reed.
9 (RLIN) 23502
245 10 - TITLE STATEMENT
Title Improvisation;
Statement of responsibility, etc by John Hodgson and Ernest Richards.
260 ## - PUBLICATION, DISTRIBUTION, ETC. (IMPRINT)
Place of publication, distribution, etc London,
Name of publisher, distributor, etc Eyre Methuen,
Date of publication, distribution, etc 1966.
300 ## - PHYSICAL DESCRIPTION
Extent xi, 209 p.
504 ## - BIBLIOGRAPHY, ETC. NOTE
Bibliography, etc "Plays referred to in the text": p. 199-203.
650 #0 - SUBJECT ADDED ENTRY--TOPICAL TERM
Topical term or geographic name as entry element Acting.
9 (RLIN) 23241
700 1# - ADDED ENTRY--PERSONAL NAME
Personal name Richards, Ernest,
Relator term joint author.
9 (RLIN) 23503
906 ## - LOCAL DATA ELEMENT F, LDF (RLIN)
a 7
b cbc
c oclcrpl
d u
e ncip
f 19
g y-gencatlg
942 ## - ADDED ENTRY ELEMENTS (KOHA)
Source of classification or shelving scheme Library of Congress Classification
Koha item type Monograph ( Printed materials)
Holdings
Withdrawn status Lost status Source of classification or shelving scheme Damaged status Not for loan Collection code Home library Current library Shelving location Date acquired Total Checkouts Full call number Barcode Date last seen Price effective from Koha item type
    Library of Congress Classification     Main Collection ARRUPE LIBRARY ARRUPE LIBRARY Main Collection 04/04/2016   PN2061.H6 46500007107 27/03/2019 04/04/2016 Monograph ( Printed materials)

 

Arrupe Library. PO Box MP320 Mt Pleasant, Harare, Zimbabwe
263 242 745411|librarian@aju.ac.zw